000 00280nam a22001337a 4500
008 170809b xxu||||| |||| 00| 0 eng d
020 _a9783898641227
041 _aeng
080 _a004
100 _a35
101 _aSHKI
245 _aALGORITHMEN
_cSAAKE, G
942 _2udc
_cBK
999 _c22996
_d22996